अनकहा / (Record no. 112130)

MARC details
000 -LEADER
fixed length control field 00965nam a22002417a 4500
010 ## - LIBRARY OF CONGRESS CONTROL NUMBER
LC control number A-834223
020 ## - INTERNATIONAL STANDARD BOOK NUMBER
Terms of availability 80.00
035 ## - SYSTEM CONTROL NUMBER
System control number A-834223
037 ## - SOURCE OF ACQUISITION
Source of stock number/acquisition Cen Lib/Ret
040 ## - CATALOGING SOURCE
Original cataloging agency DPL
Language of cataloging HN
082 ## - DEWEY DECIMAL CLASSIFICATION NUMBER
Classification number 821
Item number वशिष्ठ
100 ## - MAIN ENTRY--PERSONAL NAME
Personal name वशिष्ठ, सुदर्शन
9 (RLIN) 46027
245 ## - TITLE STATEMENT
Title अनकहा /
Statement of responsibility, etc सुदर्शन वशिष्ठ
246 ## - VARYING FORM OF TITLE
Title proper/short title Ankaha /
Remainder of title by Sudarshan Vashshith
260 ## - PUBLICATION, DISTRIBUTION, ETC. (IMPRINT)
Place of publication, distribution, etc नयी दिल्ली
Name of publisher, distributor, etc इतिहास शोध संस्थान
Date of publication, distribution, etc 1997
270 ## - ADDRESS
Address भूल भुलैया रोड, महरौली
City नयी दिल्ली
Postal code 110030
300 ## - PHYSICAL DESCRIPTION
Extent 93पृ.
Dimensions 19सेमी (सजिल्द)
650 ## - SUBJECT ADDED ENTRY--TOPICAL TERM
Topical term or geographic name as entry element हिंदी साहित्य
9 (RLIN) 46028
650 ## - SUBJECT ADDED ENTRY--TOPICAL TERM
Topical term or geographic name as entry element काव्य संकलन
9 (RLIN) 46029
650 ## - SUBJECT ADDED ENTRY--TOPICAL TERM
Topical term or geographic name as entry element Hindi Literature
9 (RLIN) 46030
650 ## - SUBJECT ADDED ENTRY--TOPICAL TERM
Topical term or geographic name as entry element Poetry collection
9 (RLIN) 46031
942 ## - ADDED ENTRY ELEMENTS (KOHA)
Source of classification or shelving scheme Dewey Decimal Classification
Koha item type Hindi Books
Classification part 821
Call number suffix वशिष्ठ
Holdings
Withdrawn status Lost status Damaged status Not for loan Home library Current library Date acquired Source of acquisition Cost, normal purchase price Total Checkouts Full call number Barcode Date last seen Copy number Cost, replacement price Price effective from Koha item type
        Central Library Central Library 07/08/2015 Cen Lib/Ret 80.00   821 वशिष्ठ A-834223 07/08/2015 1 80.00 07/08/2015 Hindi Books

© Delhi Public Library
Hit Counter
free hit counter